| 000 | 01449cam a22003854i 4500 | ||
|---|---|---|---|
| 003 | PE-LiUPU | ||
| 005 | 20250731183444.0 | ||
| 008 | 150616s r 000 0 d | ||
| 035 | _a(Sirsi) a5548 | ||
| 040 |
_aPE-LiUPU _bspa _cPE-LiUPU _erda |
||
| 049 | _aPRUA | ||
| 082 | 0 | 4 |
_a759.02 _bG27 _221 |
| 100 | 1 |
_aGassiot-Talabot, Gérald, _eautor. |
|
| 245 | 1 | 0 | _aPintura Romana y Paleocristiana. |
| 264 | 1 |
_aMadrid : _bAguilar S.A. de Ediciones, _c1968. |
|
| 300 |
_a206 páginas : _bFull Ilus. ; _c27 cm. |
||
| 336 |
_atext _2rdacontent |
||
| 337 |
_aunmediated _2rdamedia |
||
| 338 |
_avolume _2rdacarrier |
||
| 504 | _aIncluye bibliografía. | ||
| 505 | 0 | _aLa pintura romana -- La pintura paleocristiana -- Cronología del arte romano y paleocristiano -- Calendario de las excavaciones -- Museografía. | |
| 526 | _aP158 | ||
| 526 | _aP146 | ||
| 526 | _aP17 | ||
| 526 | _aP12 | ||
| 526 | _aP06 | ||
| 650 | 0 | 4 | _aPINTURA ROMANA Y PALEOCRISTIANA. |
| 910 |
_ajck _bjvq _cjck |
||
| 942 |
_2ddc _cBOOK |
||
| 949 |
_a759.02 G27 _wDEWEY _c1 _i39512 _lCCODEBUL1 _mBUL _p00.00 _r0 _sY _tBOOK _u19950913 _xTEOLOGIA _zUNKNOWN _0COMPRA _o.STAFF. Colección General |
||
| 994 |
_aC0 _bPEPRU |
||
| 596 | _a1 | ||
| 999 |
_a759.02 G27 _wDEWEY _c56588 _i39512 _f2021-11-11 _g5 _lCCODEBUL1 _mBUL _r0 _sY _tBOOK _u2015-6-16 _xTEOLOGIA _zUNKNOWN _0COMPRA _o.STAFF. Colección General _d56588 |
||
| 980 |
_81 _gALBERTO SANCHEZ Responsable de Automatización |
||